<?xml version="1.0" encoding="UTF-8"?>
<record
    xmlns:xsi="http://www.w3.org/2001/XMLSchema-instance"
    xsi:schemaLocation="http://www.loc.gov/MARC21/slim http://www.loc.gov/standards/marcxml/schema/MARC21slim.xsd"
    xmlns="http://www.loc.gov/MARC21/slim">

  <leader>00920nam a22001337a 4500</leader>
  <datafield tag="040" ind1=" " ind2=" ">
    <subfield code="c">RUA</subfield>
  </datafield>
  <datafield tag="082" ind1=" " ind2=" ">
    <subfield code="a">AVM HEA 2010 B096 Or.1</subfield>
  </datafield>
  <datafield tag="100" ind1=" " ind2=" ">
    <subfield code="a">HEAK, CHHAIDEN.</subfield>
  </datafield>
  <datafield tag="245" ind1=" " ind2=" ">
    <subfield code="a">Effect of fresh pumpkin (Cucurbita pepo L.) leaves and shrimp by-product supplementation on C.P concentrate on growth rate of avian broiler at animal experimental station of rua, &#x17A5;&#x1791;&#x17D2;&#x1792;&#x17B7;&#x1796;&#x179B;&#x1793;&#x17C3;&#x1780;&#x17B6;&#x179A;&#x1794;&#x1793;&#x17D2;&#x1790;&#x17C2;&#x1798;&#x179F;&#x17D2;&#x179B;&#x17B9;&#x1780;&#x179B;&#x17D2;&#x1796;&#x17C5;&#x179F;&#x17D2;&#x179A;&#x179F;&#x17CB; &#x1793;&#x17B7;&#x1784;&#x17A2;&#x1793;&#x17BB;&#x1795;&#x179B;&#x1794;&#x1784;&#x17D2;&#x1782;&#x17B6;&#x179B;&#x17BE;&#x1785;&#x17C6;&#x178E;&#x17B8;&#x1795;&#x17D2;&#x179F;&#x17C6;C.P&#x200B; &#x179B;&#x17BE;&#x1780;&#x17B6;&#x179A;&#x179B;&#x17BC;&#x178F;&#x179B;&#x17B6;&#x179F;&#x17CB;&#x1798;&#x17B6;&#x1793;&#x17CB;&#x179F;&#x17B6;&#x1785;&#x17CB;AVIAN &#x1793;&#x17C5;&#x179F;&#x17D2;&#x1790;&#x17B6;&#x1793;&#x17B8;&#x1799;&#x1796;&#x17B7;&#x179F;&#x17C4;&#x1792;&#x1793;&#x17CD;&#x179F;&#x178F;&#x17D2;&#x179C;&#x1793;&#x17C3;&#x179F;&#x17B6;&#x1780;&#x179B;&#x179C;&#x17B7;&#x1791;&#x17D2;&#x1799;&#x17B6;&#x179B;&#x17D0;&#x1799;&#x1797;&#x17BC;&#x1798;&#x17B7;&#x1793;&#x17D2;&#x1791;&#x1780;&#x179F;&#x17B7;&#x1780;&#x1798;&#x17D2;&#x1798;</subfield>
  </datafield>
  <datafield tag="260" ind1=" " ind2=" ">
    <subfield code="a">Phnom Penh</subfield>
    <subfield code="b">RUA</subfield>
    <subfield code="c">2010</subfield>
  </datafield>
  <datafield tag="300" ind1=" " ind2=" ">
    <subfield code="a">x; 45p.</subfield>
    <subfield code="b">ill.</subfield>
    <subfield code="c">29cm.</subfield>
  </datafield>
  <datafield tag="856" ind1=" " ind2=" ">
    <subfield code="u">https://drive.google.com/file/d/1MeKnt3ciyHENosBgpWjWa_ewTdjq_3CO/view?usp=sharing</subfield>
  </datafield>
  <datafield tag="942" ind1=" " ind2=" ">
    <subfield code="c">AVM</subfield>
  </datafield>
  <datafield tag="999" ind1=" " ind2=" ">
    <subfield code="c">2468</subfield>
    <subfield code="d">2468</subfield>
  </datafield>
  <datafield tag="952" ind1=" " ind2=" ">
    <subfield code="0">0</subfield>
    <subfield code="1">0</subfield>
    <subfield code="2">ddc</subfield>
    <subfield code="4">0</subfield>
    <subfield code="6">AVM_HEA_2010_000000000000000_B096_OR_1</subfield>
    <subfield code="7">0</subfield>
    <subfield code="9">11215</subfield>
    <subfield code="a">LBB</subfield>
    <subfield code="b">LBB</subfield>
    <subfield code="c">B096</subfield>
    <subfield code="d">2015-10-21</subfield>
    <subfield code="o">AVM HEA 2010 B096 Or.1</subfield>
    <subfield code="p">RUA020312</subfield>
    <subfield code="r">2015-10-21</subfield>
    <subfield code="w">2015-10-21</subfield>
    <subfield code="y">AVM</subfield>
  </datafield>
  <datafield tag="952" ind1=" " ind2=" ">
    <subfield code="0">0</subfield>
    <subfield code="1">0</subfield>
    <subfield code="2">ddc</subfield>
    <subfield code="4">0</subfield>
    <subfield code="6">AVM_HEA_2010_000000000000000_B096_OR_2</subfield>
    <subfield code="7">0</subfield>
    <subfield code="9">11216</subfield>
    <subfield code="a">LBB</subfield>
    <subfield code="b">LBB</subfield>
    <subfield code="c">B096</subfield>
    <subfield code="d">2015-10-21</subfield>
    <subfield code="o">AVM HEA 2010 B096 Or.2</subfield>
    <subfield code="p">RUA020314</subfield>
    <subfield code="r">2015-10-21</subfield>
    <subfield code="w">2015-10-21</subfield>
    <subfield code="y">AVM</subfield>
  </datafield>
  <datafield tag="952" ind1=" " ind2=" ">
    <subfield code="0">0</subfield>
    <subfield code="1">0</subfield>
    <subfield code="2">ddc</subfield>
    <subfield code="4">0</subfield>
    <subfield code="6">AVM_HEA_2010_000000000000000_B096_OR_3</subfield>
    <subfield code="7">0</subfield>
    <subfield code="9">11217</subfield>
    <subfield code="a">LBB</subfield>
    <subfield code="b">LBB</subfield>
    <subfield code="c">B096</subfield>
    <subfield code="d">2015-10-21</subfield>
    <subfield code="o">AVM HEA 2010 B096 Or.3</subfield>
    <subfield code="p">RUA020315</subfield>
    <subfield code="r">2015-10-21</subfield>
    <subfield code="w">2015-10-21</subfield>
    <subfield code="y">AVM</subfield>
  </datafield>
  <datafield tag="952" ind1=" " ind2=" ">
    <subfield code="0">0</subfield>
    <subfield code="1">0</subfield>
    <subfield code="2">ddc</subfield>
    <subfield code="4">0</subfield>
    <subfield code="6">AVM_HEA_2010_000000000000000_B096_OR_4</subfield>
    <subfield code="7">0</subfield>
    <subfield code="9">11218</subfield>
    <subfield code="a">LBB</subfield>
    <subfield code="b">LBB</subfield>
    <subfield code="c">B096</subfield>
    <subfield code="d">2015-10-21</subfield>
    <subfield code="o">AVM HEA 2010 B096 Or.4</subfield>
    <subfield code="p">RUA019902</subfield>
    <subfield code="r">2015-10-21</subfield>
    <subfield code="w">2015-10-21</subfield>
    <subfield code="y">AVM</subfield>
  </datafield>
  <datafield tag="952" ind1=" " ind2=" ">
    <subfield code="0">0</subfield>
    <subfield code="1">0</subfield>
    <subfield code="2">ddc</subfield>
    <subfield code="4">0</subfield>
    <subfield code="6">AVM_HEA_2010_000000000000000_B096_OR_5</subfield>
    <subfield code="7">0</subfield>
    <subfield code="9">11219</subfield>
    <subfield code="a">LBB</subfield>
    <subfield code="b">LBB</subfield>
    <subfield code="c">B096</subfield>
    <subfield code="d">2015-10-21</subfield>
    <subfield code="o">AVM HEA 2010 B096 Or.5</subfield>
    <subfield code="p">RUA019851</subfield>
    <subfield code="r">2015-10-21</subfield>
    <subfield code="w">2015-10-21</subfield>
    <subfield code="y">AVM</subfield>
  </datafield>
  <datafield tag="952" ind1=" " ind2=" ">
    <subfield code="0">0</subfield>
    <subfield code="1">0</subfield>
    <subfield code="2">ddc</subfield>
    <subfield code="4">0</subfield>
    <subfield code="6">AVM_HEA_2010_000000000000000_B096_OR_6</subfield>
    <subfield code="7">0</subfield>
    <subfield code="9">11220</subfield>
    <subfield code="a">LBB</subfield>
    <subfield code="b">LBB</subfield>
    <subfield code="c">B096</subfield>
    <subfield code="d">2015-10-21</subfield>
    <subfield code="o">AVM HEA 2010 B096 Or.6</subfield>
    <subfield code="p">RUA019856</subfield>
    <subfield code="r">2015-10-21</subfield>
    <subfield code="w">2015-10-21</subfield>
    <subfield code="y">AVM</subfield>
  </datafield>
  <datafield tag="952" ind1=" " ind2=" ">
    <subfield code="0">0</subfield>
    <subfield code="1">0</subfield>
    <subfield code="2">ddc</subfield>
    <subfield code="4">0</subfield>
    <subfield code="6">AVM_HEA_2010_000000000000000_B096_OR_7</subfield>
    <subfield code="7">0</subfield>
    <subfield code="9">11221</subfield>
    <subfield code="a">LBB</subfield>
    <subfield code="b">LBB</subfield>
    <subfield code="c">B096</subfield>
    <subfield code="d">2015-10-21</subfield>
    <subfield code="o">AVM HEA 2010 B096 Or.7</subfield>
    <subfield code="p">RUA019633</subfield>
    <subfield code="r">2015-10-21</subfield>
    <subfield code="w">2015-10-21</subfield>
    <subfield code="y">AVM</subfield>
  </datafield>
</record>
